|
|
|
|
| LEADER |
00000ny a22000003n 4500 |
| 005 |
20110621122337.0 |
| 006 |
m u |
| 007 |
cr cn||||||||| |
| 008 |
200607r2005 sp |||||s|||||||||||spa d |
| 020 |
|
|
|a 9788497725255
|
| 035 |
|
|
|a 1284
|
| 040 |
|
|
|a FlNmELB
|c FlNmELB
|d vlex
|
| 050 |
1 |
4 |
|a HM51
|b A185 2005eb
|
| 080 |
|
|
|a 316
|
| 090 |
|
|
|c 1277
|d 1277
|
| 100 |
1 |
|
|a Acosta Mřida, Mara̕ del Pino
|
| 245 |
1 |
0 |
|a Seguro de vida y derecho de sucesiones
|h [Recurso electrn̤ico]
|c Mara̕ del Pino Acosta Mřida
|
| 256 |
|
|
|a Servicio en ln̕ea
|
| 260 |
|
|
|a Madrid :
|b Dykinson,
|c 2005
|
| 300 |
|
|
|a 372 p
|
| 506 |
1 |
|
|a Contenido solo disponible en los productos indicados
|d vLex Global
|d vLex Global (Academic Edition, excluding Law Schools)
|d vLex Global (U.S. Academic Edition, Law Schools)
|d vLex Global (U.S. Academic Edition, excluding Law Schools)
|d vLex Global (Academic Edition, Law Schools)
|
| 650 |
0 |
7 |
|a Herencia y sucesin̤
|2 Tesauro vLex
|
| 650 |
0 |
7 |
|a Seguros
|2 Tesauro vLex
|
| 650 |
0 |
7 |
|a Mercantil
|2 Tesauro vLex
|
| 650 |
0 |
7 |
|a Sucesorio
|2 Tesauro vLex
|
| 650 |
0 |
7 |
|a Derecho sucesorio
|2 Tesauro vLex
|
| 650 |
0 |
7 |
|a Seguro de vida
|2 Tesauro vLex
|
| 740 |
0 |
|
|a vLex Libros (Servicios en ln̕ea)
|
| 856 |
4 |
0 |
|u http://vlex.com/source/1284
|z Acceso restringido
|
| 942 |
|
|
|c BOOK
|